000 00496cam a22001934a 4500
001 sa 66003003
003 DLC
005 20260227112233.0
008 820909s1963 ii 000 1 hino
010 _asa 66003003
040 _aDLC
_cDLC
050 0 0 _aPK2098.13.A373
_bH36 1963
100 1 _aBakshī, Rameśa.
245 1 0 _aHama tinake /
_cRameśa Bakshī.
260 _aKalakattā :
_bNyū Eja Pabliśarsa,
_c1963.
300 _a301 p. ;
_c19 cm.
500 _aNovel.
546 _aIn Hindi.
999 _c68667
_d68667